Ảnh hưởng của thức ăn ủ chua trong khẩu phần đến sự sinh khí mêtan ở in vitro và in vivo, tiêu thụ dưỡng chất, tỷ lệ tiêu hóa, các thông số dịch dạ cỏ và tích lũy đạm ở cừu Phan Rang : Luận văn tốt nghiệp Cao học. Chuyên ngành Chăn nuôi

Đề tài nghiên cứu nhằm đánh giá chất lượng các loại cỏ ủ chua và mức độ thay thế lượng cỏ thích hợp ở in vitro và in vivo, để cải thiện sự tiêu hóa dưỡng chất, nâng cao tăng trưởng và giảm thải khí mêtan gây hiệu ứng nhà kinh ở cừ...

Deskribapen osoa

Gorde:
Xehetasun bibliografikoak
Egile nagusia: Phan, Văn Thái
Formatua: Liburua
Hizkuntza:Undetermined
Argitaratua: Cần thơ Trường Đại học Cần Thơ 2015
Gaiak:
Etiketak: Etiketa erantsi
Etiketarik gabe, Izan zaitez lehena erregistro honi etiketa jartzen!
Thư viện lưu trữ: Trung tâm Học liệu Trường Đại học Cần Thơ
LEADER 01372nam a2200217Ia 4500
001 CTU_205196
008 210402s9999 xx 000 0 und d
082 |a 636.3 
082 |b Th103 
088 |a 60620105 
100 |a Phan, Văn Thái 
245 0 |a Ảnh hưởng của thức ăn ủ chua trong khẩu phần đến sự sinh khí mêtan ở in vitro và in vivo, tiêu thụ dưỡng chất, tỷ lệ tiêu hóa, các thông số dịch dạ cỏ và tích lũy đạm ở cừu Phan Rang : 
245 0 |b Luận văn tốt nghiệp Cao học. Chuyên ngành Chăn nuôi 
245 0 |c Phan Văn Thái ; Nguyễn Văn Thu, Nguyễn Thị Kim Đông (Cán bộ hướng dẫn) 
260 |a Cần thơ 
260 |b Trường Đại học Cần Thơ 
260 |c 2015 
520 |a Đề tài nghiên cứu nhằm đánh giá chất lượng các loại cỏ ủ chua và mức độ thay thế lượng cỏ thích hợp ở in vitro và in vivo, để cải thiện sự tiêu hóa dưỡng chất, nâng cao tăng trưởng và giảm thải khí mêtan gây hiệu ứng nhà kinh ở cừu. 
650 |a Dạ cỏ,Sheep,Rumen,Cừu 
904 |i Hải 
980 |a Trung tâm Học liệu Trường Đại học Cần Thơ